[Event "77. ljubljanska liga 2025"]
[Site "Gostovanja"]
[Date "2025.03.20"]
[Round "7.1"]
[White "Plaskan, Jure"]
[Black "Siraj, Svit"]
[Result "1-0"]
[WhiteElo "2217"]
[BlackElo "2144"]
[PlyCount "71"]
[EventDate "2025.01.16"]
[WhiteTeam "SD DOMZALE"]
[BlackTeam "SD VRHNIKA"]

1. e4 e5 2. Nf3 Nc6 3. Bb5 a6 4. Ba4 Nf6 5. O-O Be7 6. Re1 b5 7. Bb3 d6 8. c3
O-O 9. d4 Bg4 10. Be3 Nxe4 11. Bd5 Qd7 12. Bxe4 d5 13. Bc2 e4 14. h3 Bh5 15.
Ne5 Bxd1 16. Nxd7 Bxc2 17. Nxf8 Kxf8 18. Nd2 Bd6 19. f3 exf3 20. Nxf3 f6 21.
Kf2 b4 22. Rec1 Bd3 23. b3 a5 24. c4 dxc4 25. bxc4 a4 26. c5 Be7 27. d5 Na5 28.
d6 cxd6 29. cxd6 Bd8 30. d7 Bf5 31. Rd1 Bc2 32. Rd4 Nc6 33. Rc4 b3 34. axb3
axb3 35. Rxa8 b2 36. Nd2 1-0

[Event "77. ljubljanska liga 2025"]
[Site "Gostovanja"]
[Date "2025.03.20"]
[Round "7.1"]
[White "Siraj, Anej"]
[Black "Keber, Aljosa"]
[Result "1-0"]
[WhiteElo "2049"]
[BlackElo "2094"]
[PlyCount "113"]
[EventDate "2025.01.16"]
[WhiteTeam "SD VRHNIKA"]
[BlackTeam "SD DOMZALE"]

1. d4 Nf6 2. Nf3 c5 3. d5 g6 4. Nc3 Bg7 5. d6 Nc6 6. e4 exd6 7. Qxd6 Qe7 8. Bf4
Nh5 9. Qxe7+ Nxe7 10. Bd6 Bxc3+ 11. bxc3 b6 12. O-O-O Bb7 13. Bc4 Nc8 14. Ne5
Nxd6 15. Rxd6 f6 16. Nxd7 O-O-O 17. f3 Kc7 18. Rhd1 Bc6 19. g4 b5 20. Bf1 Ng7
21. Rxf6 Ne8 22. Rf7 Nd6 23. Rf6 Rxd7 24. e5 Ne8 25. Rxc6+ Kxc6 26. Bxb5+ Kxb5
27. Rxd7 Kc6 28. Rf7 Nc7 29. f4 h5 30. h3 hxg4 31. hxg4 Nd5 32. c4 Ne3 33. Rf6+
Kd7 34. Kd2 Nxg4 35. Rxg6 Rh2+ 36. Kd3 Nf2+ 37. Ke3 Nd1+ 38. Ke4 Nc3+ 39. Kf5
Rh5+ 40. Kg4 Rh7 41. f5 a5 42. Rd6+ Ke8 43. f6 Ne4 44. Ra6 Kf7 45. Ra7+ Kg6 46.
Rxh7 Kxh7 47. Kf5 Ng3+ 48. Ke6 Kg8 49. Ke7 Nf5+ 50. Ke8 Nh6 51. e6 a4 52. f7+
Nxf7 53. exf7+ Kh7 54. f8=Q a3 55. Qf5+ Kg7 56. Qg5+ Kh8 57. Kf7 1-0

[Event "77. ljubljanska liga 2025"]
[Site "Gostovanja"]
[Date "2025.03.20"]
[Round "7.1"]
[White "Markosek, Bine"]
[Black "Zlindra, Aljaz"]
[Result "1/2-1/2"]
[WhiteElo "2070"]
[BlackElo "1904"]
[PlyCount "144"]
[EventDate "2025.01.16"]
[WhiteTeam "SD DOMZALE"]
[BlackTeam "SD VRHNIKA"]

1. e4 c6 2. d4 d5 3. exd5 cxd5 4. Bd3 Nc6 5. c3 e6 6. Bf4 Bd6 7. Bxd6 Qxd6 8.
Nf3 Nge7 9. Nbd2 f6 10. O-O O-O 11. Qc2 g6 12. Rfe1 e5 13. dxe5 fxe5 14. Qb3
Kg7 15. c4 d4 16. Ne4 Qc7 17. c5 Nf5 18. Bb5 Bd7 19. Bxc6 bxc6 20. Nd6 Nxd6 21.
cxd6 Qxd6 22. Nxe5 Rab8 23. Qc2 Rf5 24. Nxd7 Qxd7 25. Rad1 c5 26. Qe2 Qf7 27.
b3 Rf8 28. f3 Qd5 29. Qa6 R8f7 30. Re4 Re5 31. Qd3 Rfe7 32. Rde1 Rxe4 33. fxe4
Qg5 34. b4 Rb7 35. bxc5 Qxc5 36. e5 Re7 37. e6 Qb6 38. h3 Kg8 39. Qc4 d3+ 40.
Kh1 Qd8 41. Rd1 d2 42. Qc3 Rxe6 43. Qc4 Qe8 44. Rxd2 Kh8 45. Qd4+ Kg8 46. Qxa7
Re1+ 47. Kh2 Qe5+ 48. g3 Re2+ 49. Rxe2 Qxe2+ 50. Kg1 Qe1+ 51. Kg2 Qe4+ 52. Kf2
Qf5+ 53. Ke2 Qxh3 54. Qb8+ Kg7 55. Qe5+ Kf7 56. Qf4+ Ke7 57. a4 Qg2+ 58. Kd3
Qd5+ 59. Kc3 Qc5+ 60. Kd2 Qd5+ 61. Ke3 Qb3+ 62. Kf2 Qa2+ 63. Kf3 h5 64. Qe4+
Kf7 65. Kf4 Qd2+ 66. Kf3 Qd1+ 67. Kg2 Qd2+ 68. Kh3 Qd1 69. Kh2 Qd2+ 70. Qg2
Qxg2+ 71. Kxg2 Ke6 72. Kf3 g5 1/2-1/2

[Event "77. ljubljanska liga 2025"]
[Site "Gostovanja"]
[Date "2025.03.20"]
[Round "7.1"]
[White "Omahen, Gasper"]
[Black "Skube, Zan"]
[Result "1/2-1/2"]
[WhiteElo "1930"]
[BlackElo "1877"]
[PlyCount "120"]
[EventDate "2025.01.16"]
[WhiteTeam "SD VRHNIKA"]
[BlackTeam "SD DOMZALE"]

1. e4 c6 2. d4 d5 3. f3 dxe4 4. fxe4 e5 5. Nf3 Bg4 6. Bc4 Nd7 7. c3 Ngf6 8. Qb3
Qb6 9. Bxf7+ Ke7 10. O-O Qxb3 11. Bxb3 Bxf3 12. gxf3 c5 13. d5 g5 14. Bxg5 Kd6
15. Kf2 Be7 16. Be3 b5 17. Nd2 Rhf8 18. Rg1 Nh5 19. a4 a6 20. Bc2 c4 21. b3
cxb3 22. Bxb3 Nc5 23. Bc2 Rab8 24. axb5 axb5 25. Rgb1 Nf4 26. Bxf4 Rxf4 27.
Nc4+ Kc7 28. Ra7+ Nb7 29. Rxb5 Kc8 30. Kg2 Bc5 31. Nxe5 Bxa7 32. Nc6 Ra8 33. e5
Nd8 34. Nb4 Rb8 35. Ra5 Bb6 36. Ra1 Rc4 37. e6 Bc5 38. Bf5 Kb7 39. Na6 Rc8 40.
Nxc5+ R4xc5 41. e7 Nf7 42. Rb1+ Ka6 43. Re1 Re8 44. Bd7 Nd6 45. Bxe8 Nxe8 46.
d6 Rd5 47. Re6 Rxd6 48. Rxd6+ Nxd6 49. f4 Kb6 50. Kf3 Kc7 51. Kg4 Kd7 52. Kg5
Ne8 53. Kh6 Nf6 54. f5 Kxe7 55. Kg7 Ne8+ 56. Kxh7 Kf6 57. h4 Nd6 58. h5 Nxf5
59. c4 Ng7 60. h6 Nf5 1/2-1/2

[Event "77. ljubljanska liga 2025"]
[Site "Gostovanja"]
[Date "2025.03.20"]
[Round "7.2"]
[White "Skok, Boris"]
[Black "Furlan, Miha"]
[Result "1/2-1/2"]
[WhiteElo "1934"]
[BlackElo "2183"]
[PlyCount "98"]
[EventDate "2025.01.16"]
[WhiteTeam "SD CRNI GRABEN"]
[BlackTeam "SK TREBNJE BMP"]

1. d4 d5 2. c4 c6 3. Nf3 Nf6 4. cxd5 cxd5 5. Nc3 Nc6 6. Bf4 a6 7. e3 Bg4 8. Rc1
Rc8 9. Be2 e6 10. O-O Bd6 11. Bxd6 Qxd6 12. Na4 O-O 13. Nc5 Rc7 14. Nd3 Bxf3
15. Bxf3 Rfc8 16. Qd2 a5 17. a3 b6 18. Rc3 Ne4 19. Bxe4 dxe4 20. Nf4 e5 21. Ne2
exd4 22. exd4 Ne7 23. Rfc1 f5 24. g3 Nd5 25. Rxc7 Rxc7 26. Rxc7 Qxc7 27. Qg5
Qd7 28. Qc1 h6 29. Qc4 Kh7 30. h4 f4 31. Qc2 Nf6 32. Nxf4 Qxd4 33. h5 Qe5 34.
Qc6 Qxb2 35. a4 Qd4 36. Qe6 Qd1+ 37. Kg2 Qf3+ 38. Kg1 Qg4 39. Qc4 Qf5 40. Qf7
Qd7 41. Qc4 Qe8 42. Qd4 b5 43. Qc5 bxa4 44. Qf5+ Kg8 45. Qxa5 e3 46. fxe3 Qxe3+
47. Kg2 Ne4 48. Qd5+ Kh7 49. Qf5+ Kg8 1/2-1/2

[Event "77. ljubljanska liga 2025"]
[Site "Gostovanja"]
[Date "2025.03.20"]
[Round "7.2"]
[White "Marinsek, Tomaz"]
[Black "Osolin, Bogdan"]
[Result "1-0"]
[WhiteElo "2106"]
[BlackElo "1918"]
[PlyCount "45"]
[EventDate "2025.01.16"]
[WhiteTeam "SK TREBNJE BMP"]
[BlackTeam "SD CRNI GRABEN"]

1. e4 Nc6 2. Nf3 f5 3. e5 d6 4. Bb5 Bd7 5. Qe2 Nxe5 6. Nxe5 dxe5 7. Qxe5 c6 8.
Bc4 Qb8 9. Qe2 Nf6 10. d4 Qd6 11. c3 Nd5 12. O-O O-O-O 13. Qf3 Rg8 14. Bb3 g5
15. c4 g4 16. Qd1 Nf4 17. c5 Qh6 18. Bxg8 e5 19. dxe5 Bxc5 20. e6 Rxg8 21.
exd7+ Kd8 22. Bxf4 Qxf4 23. Qd2 1-0

[Event "77. ljubljanska liga 2025"]
[Site "Gostovanja"]
[Date "2025.03.20"]
[Round "7.2"]
[White "Hribar, Janez"]
[Black "Mejak, George"]
[Result "1/2-1/2"]
[WhiteElo "1875"]
[BlackElo "2038"]
[PlyCount "85"]
[EventDate "2025.01.16"]
[WhiteTeam "SD CRNI GRABEN"]
[BlackTeam "SK TREBNJE BMP"]

1. d4 Nf6 2. c4 e6 3. Nc3 Bb4 4. f3 c5 5. d5 d6 6. e4 Bxc3+ 7. bxc3 e5 8. Bd3
Nh5 9. Ne2 Qh4+ 10. g3 Qh3 11. Kf2 O-O 12. Qf1 Qxf1+ 13. Rxf1 g6 14. Bh6 Re8
15. g4 Nf6 16. Rg1 Kh8 17. Be3 Ng8 18. g5 f5 19. gxf6 Nxf6 20. h4 Rf8 21. Bh6
Rf7 22. Ke3 Ng8 23. Bg5 h6 24. Bxh6 Nxh6 25. Rxg6 Ng8 26. Rag1 Nf6 27. Rh6+ Nh7
28. Rxd6 Nd7 29. f4 Rf6 30. fxe5 Nxe5 31. Rd8+ Rf8 32. Rxf8+ Nxf8 33. Rg5 Nf7
34. Rg3 Nd7 35. Nf4 Nde5 36. Ng6+ Kh7 37. Nxe5 Nxe5 38. Be2 Bd7 39. Rg5 Re8 40.
Kf4 Ng6+ 41. Ke3 Ne5 42. Kf4 Ng6+ 43. Ke3 1/2-1/2

[Event "77. ljubljanska liga 2025"]
[Site "Gostovanja"]
[Date "2025.03.20"]
[Round "7.3"]
[White "Lah, Emil"]
[Black "Veskovic, Dzemal"]
[Result "0-1"]
[WhiteElo "1954"]
[BlackElo "1876"]
[PlyCount "96"]
[EventDate "2025.01.16"]
[WhiteTeam "SK TRZIN BUSCOTRADE"]
[BlackTeam "SD MENGES - TRZIN"]

1. e4 e6 2. d4 d6 3. Nf3 Be7 4. Bd3 Nd7 5. c3 e5 6. Be3 c6 7. Nbd2 Ngf6 8. h3
O-O 9. O-O b5 10. a4 bxa4 11. Qxa4 Bb7 12. b4 h6 13. Rfe1 Nh7 14. Nc4 Nb6 15.
Qb3 Nxc4 16. Bxc4 d5 17. exd5 cxd5 18. Ba6 Bxa6 19. Rxa6 e4 20. Ne5 Bg5 21.
Bxg5 hxg5 22. Rea1 Nf6 23. Nc6 Qc7 24. b5 g4 25. Ne5 gxh3 26. gxh3 Qb7 27. R1a5
Qc8 28. Kh2 Qf5 29. Qc2 Qf4+ 30. Kg2 Qg5+ 31. Kh2 Qf4+ 32. Kg2 Qg5+ 33. Kf1 Qh4
34. b6 axb6 35. Rxa8 bxa5 36. Rxa5 Qxh3+ 37. Ke1 Qh1+ 38. Ke2 Nh5 39. Qd2 Qh2
40. Qe3 Nf4+ 41. Kd2 Ng2 42. Qg3 e3+ 43. Ke2 Qh5+ 44. Ng4 Qh1 45. fxe3 f5 46.
Ne5 f4 47. Qf2 fxe3 48. Qg3 Qf1# 0-1

[Event "77. ljubljanska liga 2025"]
[Site "Gostovanja"]
[Date "2025.03.20"]
[Round "7.3"]
[White "Sedlar, Tomo"]
[Black "Krumpak, Hinko"]
[Result "0-1"]
[WhiteElo "1888"]
[BlackElo "1962"]
[PlyCount "100"]
[EventDate "2025.01.16"]
[WhiteTeam "SD MENGES - TRZIN"]
[BlackTeam "SK TRZIN BUSCOTRADE"]

1. d4 d5 2. c4 dxc4 3. Nc3 c6 4. a4 Nf6 5. Bf4 g6 6. e3 Bg7 7. Bxc4 O-O 8. Nf3
Nbd7 9. O-O Nh5 10. Bg5 h6 11. Bh4 g5 12. Bg3 Nxg3 13. hxg3 Nb6 14. Bd3 Be6 15.
Ne4 Bc4 16. Bxc4 Nxc4 17. Qb3 Na5 18. Qb4 b6 19. Rfd1 Qd5 20. Nc3 Qd6 21. Qxd6
exd6 22. b4 Nc4 23. Nd2 Nxd2 24. Rxd2 c5 25. bxc5 dxc5 26. Rc1 cxd4 27. exd4
Rfc8 28. Na2 Rxc1+ 29. Nxc1 Rc8 30. Ne2 Rc4 31. a5 bxa5 32. g4 Kf8 33. Rb2 Bxd4
34. Rb8+ Kg7 35. Nxd4 Rxd4 36. Rb7 Rxg4 37. Rxa7 a4 38. f3 Rf4 39. Kf2 h5 40.
g3 Rb4 41. Ke3 h4 42. gxh4 Rxh4 43. Ra8 Rf4 44. Ra7 Kg6 45. Ra8 f6 46. Rh8 Kf7
47. Rd8 Ke6 48. Rd2 Rb4 49. Rd8 Rb3+ 50. Kf2 a3 0-1

[Event "77. ljubljanska liga 2025"]
[Site "Gostovanja"]
[Date "2025.03.20"]
[Round "7.3"]
[White "Rijavec, Stane"]
[Black "Simicak, Metod"]
[Result "1/2-1/2"]
[WhiteElo "1889"]
[BlackElo "1859"]
[PlyCount "67"]
[EventDate "2025.01.16"]
[WhiteTeam "SK TRZIN BUSCOTRADE"]
[BlackTeam "SD MENGES - TRZIN"]

1. Nf3 Nc6 2. d4 d5 3. Bf4 f6 4. e3 g5 5. Bg3 h5 6. h4 g4 7. Nfd2 e5 8. dxe5
Nxe5 9. c4 Be6 10. Qa4+ Qd7 11. Qxd7+ Nxd7 12. cxd5 Bxd5 13. Nc3 c6 14. Nxd5
cxd5 15. Rc1 Bc5 16. Bb5 Bb6 17. O-O a6 18. Ba4 Ke7 19. Rfd1 Nc5 20. Bc2 Rd8
21. b4 Ne6 22. Bb3 Kf7 23. Nb1 Ne7 24. Nc3 d4 25. exd4 Nf5 26. Bxe6+ Kxe6 27.
d5+ Kf7 28. Kf1 Rd7 29. Na4 Ba7 30. Nc5 Bxc5 31. bxc5 Rhd8 32. d6 Ke6 33. Rd2
Rf7 34. Rb1 1/2-1/2

[Event "77. ljubljanska liga 2025"]
[Site "Gostovanja"]
[Date "2025.03.20"]
[Round "7.5"]
[White "Ivanec, Dezider"]
[Black "Baric, Dusan"]
[Result "1/2-1/2"]
[WhiteElo "2056"]
[BlackElo "1954"]
[PlyCount "70"]
[EventDate "2025.01.16"]
[WhiteTeam "DRUSTVO KPSRD KAREL JERAJ"]
[BlackTeam "SK VISNJA GORA - STICNA"]

1. c4 c5 2. Nf3 Nf6 3. d4 cxd4 4. Nxd4 g6 5. Nc3 Bg7 6. e4 d6 7. Be2 O-O 8. O-O
Nc6 9. Be3 Nxd4 10. Bxd4 b6 11. e5 dxe5 12. Bxe5 Bb7 13. Qxd8 Rfxd8 14. Rfd1
Ne8 15. Bxg7 Kxg7 16. f3 e6 17. a4 a5 18. Kf2 Kf6 19. Ke3 Nd6 20. g4 g5 21. Rd2
Rd7 22. Rad1 Ke7 23. b3 Rad8 24. Bd3 h6 25. Bc2 Bc6 26. h4 Nb7 27. Rxd7+ Rxd7
28. Rh1 Nc5 29. hxg5 hxg5 30. Rh7 Kf8 31. Ne2 Na6 32. Nd4 Nb4 33. Bb1 Bb7 34.
Rh6 Kg7 35. Rh5 Kf6 1/2-1/2

[Event "77. ljubljanska liga 2025"]
[Site "Gostovanja"]
[Date "2025.03.20"]
[Round "7.5"]
[White "Medvesek, Janez"]
[Black "Butala, Marjan"]
[Result "1-0"]
[WhiteElo "1940"]
[BlackElo "1916"]
[PlyCount "129"]
[EventDate "2025.01.16"]
[WhiteTeam "SK VISNJA GORA - STICNA"]
[BlackTeam "DRUSTVO KPSRD KAREL JERAJ"]

1. d4 Nf6 2. c4 g6 3. Nc3 Bg7 4. e4 d6 5. Nf3 O-O 6. h3 e5 7. d5 Na6 8. Bg5 h6
9. Be3 Qe7 10. Be2 c6 11. g4 Ne8 12. Nd2 Nec7 13. h4 cxd5 14. cxd5 Bd7 15. a3
Rfc8 16. Bd3 Nc5 17. Be2 Ne8 18. f3 Rc7 19. Nb5 Bxb5 20. Bxb5 a6 21. Be2 b5 22.
h5 g5 23. Kf2 Na4 24. Rb1 Qd8 25. Nb3 Rb7 26. Qd2 a5 27. Rhc1 Bf6 28. Rc6 b4
29. Qc2 bxa3 30. bxa3 Rab8 31. Nd2 Rxb1 32. Nxb1 Nc5 33. Nc3 Nb3 34. Nb5 Nd4
35. Nxd4 exd4 36. Bd2 Be5 37. Ba6 Qe7 38. Rc8 Qa7 39. Bd3 Kg7 40. Rxb8 Qxb8 41.
Bxa5 Qa7 42. Bb4 Nf6 43. Qc6 Qe7 44. Qc8 Qa7 45. Kg2 Qa4 46. Qc2 Qd7 47. Be2
Qe7 48. a4 Nxh5 49. gxh5 g4 50. Qc8 gxf3+ 51. Bxf3 Qa7 52. Qg4+ Kh7 53. Qf5+
Kg7 54. Bd1 d3 55. Bd2 Qd4 56. Qf3 Qa1 57. Kf2 Qd4+ 58. Qe3 Qc4 59. Qxh6+ Kg8
60. Qg5+ Kf8 61. Qg4 Qd4+ 62. Kf1 Qb2 63. Bh6+ Ke7 64. Qc8 Qd4 65. Bf8+ 1-0

[Event "77. ljubljanska liga 2025"]
[Site "Gostovanja"]
[Date "2025.03.20"]
[Round "7.5"]
[White "Stimec, Marjan"]
[Black "Pisek, Igor"]
[Result "0-1"]
[WhiteElo "1853"]
[BlackElo "1808"]
[PlyCount "157"]
[EventDate "2025.01.16"]
[WhiteTeam "DRUSTVO KPSRD KAREL JERAJ"]
[BlackTeam "SK VISNJA GORA - STICNA"]

1. c4 g6 2. Nc3 Bg7 3. d4 Nf6 4. e4 O-O 5. Bg5 h6 6. Bf4 c6 7. f3 d6 8. Qd2 Kh7
9. O-O-O b6 10. g4 Bb7 11. h4 Nfd7 12. Be3 e5 13. d5 c5 14. Bd3 a6 15. Nge2 b5
16. cxb5 axb5 17. Bxb5 Ba6 18. Ba4 Bc4 19. b3 Nb6 20. Bc6 Bxe2 21. Nxe2 Ra7 22.
Nc3 Nxc6 23. dxc6 Nc8 24. Bxc5 Ra6 25. Bxd6 Nxd6 26. Qxd6 Qb6 27. Na4 Qe3+ 28.
Kb2 Rc8 29. Qd3 Qa7 30. Rc1 Raxc6 31. Rxc6 Rxc6 32. Rc1 Qf2+ 33. Kb1 Rxc1+ 34.
Kxc1 Qxh4 35. Nc3 h5 36. Qd1 Bh6+ 37. Kb1 Qf2 38. gxh5 gxh5 39. Qe2 Qe3 40. Qb5
h4 41. Nd1 Qe1 42. Kc2 Bf4 43. Qd7 Kg7 44. Qg4+ Kf6 45. Qg2 Qg3 46. Qf2 h3 47.
Qb6+ Kg7 48. Nf2 h2 49. Ng4 Qxg4 50. fxg4 h1=Q 51. Qb7 Qc1+ 52. Kd3 Qb2 53. Kc4
Qxa2 54. Qd5 Qe2+ 55. Kc5 Qxg4 56. b4 Qc8+ 57. Kb5 Qb8+ 58. Ka4 Qa7+ 59. Kb3
Qb6 60. Kc4 Qc7+ 61. Kb5 Be3 62. Ka4 Bd4 63. Kb5 Kf8 64. Qa8+ Ke7 65. Ka4 Qb6
66. Qd5 Qa6+ 67. Kb3 Qe6 68. Kc4 Qxd5+ 69. Kxd5 Kd7 70. b5 f6 71. Kc4 Kd6 72.
Kb4 Bb6 73. Kc4 Ke6 74. Kc3 f5 75. exf5+ Kxf5 76. Kd3 Kf4 77. Ke2 e4 78. Kd2
Kf3 79. Ke1 0-1

[Event "77. ljubljanska liga 2025"]
[Site "Gostovanja"]
[Date "2025.03.20"]
[Round "7.5"]
[White "Jancigaj, Saso Valentin"]
[Black "Vertacnik, Viktor"]
[Result "1/2-1/2"]
[WhiteElo "1786"]
[BlackElo "1723"]
[PlyCount "113"]
[EventDate "2025.01.16"]
[WhiteTeam "SK VISNJA GORA - STICNA"]
[BlackTeam "DRUSTVO KPSRD KAREL JERAJ"]

1. f4 d5 2. Nf3 Nf6 3. e3 e6 4. d4 b6 5. c3 Bb7 6. Bd3 Be7 7. Nbd2 O-O 8. O-O
Nbd7 9. Ne5 c5 10. Rf3 g6 11. Rh3 Re8 12. Qf3 Rc8 13. Bb5 a6 14. Bxd7 Nxd7 15.
Nxd7 Qxd7 16. g4 f5 17. g5 Bf8 18. Qd1 Bg7 19. Nf3 b5 20. Bd2 Qc7 21. Rg3 Kf7
22. h4 c4 23. Kf2 a5 24. Rh3 Rh8 25. Qc2 h5 26. gxh6 Rxh6 27. Rah1 Bf6 28. h5
gxh5 29. Rxh5 Rxh5 30. Rxh5 Rh8 31. Ng5+ Ke7 32. Qd1 Qd8 33. Qh1 Qg8 34. Rxh8
Qxh8 35. Qxh8 Bxh8 36. Be1 Bc6 37. Kg2 Be8 38. Bh4 Bf6 39. Nf3 Bxh4 40. Nxh4 a4
41. Nf3 Kf6 42. Kg3 Kg6 43. Kh4 Kh6 44. Ng5 Bd7 45. Nf7+ Kg7 46. Ne5 Be8 47.
Kg5 Bf7 48. Nc6 Be8 49. Nd8 Bd7 50. Nb7 Be8 51. Nc5 Bf7 52. b3 cxb3 53. axb3 a3
54. b4 a2 55. Nb3 Be8 56. Na1 Bf7 57. Nc2 1/2-1/2

[Event "77. ljubljanska liga 2025"]
[Site "Gostovanja"]
[Date "2025.03.20"]
[Round "7.6"]
[White "Babarovic, Fran"]
[Black "Srebrnic, Vojko"]
[Result "1-0"]
[WhiteElo "1788"]
[BlackElo "2072"]
[PlyCount "83"]
[EventDate "2025.01.16"]
[WhiteTeam "SK KOMENDA POGI"]
[BlackTeam "SK LJUBLJANA - TAJFUN"]

1. e4 c5 2. Nf3 Nc6 3. d4 cxd4 4. Nxd4 g6 5. c4 Nf6 6. Nc3 d6 7. Be3 Ng4 8.
Nxc6 Nxe3 9. Nxd8 Nxd1 10. Rxd1 Kxd8 11. c5 Bg7 12. Bc4 Be6 13. Bxe6 fxe6 14.
cxd6 exd6 15. Rxd6+ Ke7 16. Rd3 Rac8 17. Kd2 Rc5 18. Rd1 Rhc8 19. Kc2 R8c7 20.
Kb3 a6 21. a4 Rh5 22. h3 Rhc5 23. g3 g5 24. f4 gxf4 25. gxf4 Bf6 26. f5 Bg7 27.
fxe6 Bxc3 28. bxc3 Kxe6 29. Rd6+ Ke7 30. R6d3 Rh5 31. Rf1 Rh4 32. Rdf3 Rd7 33.
Re3 Rd6 34. Rg1 Kf7 35. Kc4 Rdh6 36. Rgg3 Ke6 37. Kd4 b6 38. c4 R4h5 39. Rb3 b5
40. cxb5 axb5 41. axb5 Kd7 42. b6 1-0

[Event "77. ljubljanska liga 2025"]
[Site "Gostovanja"]
[Date "2025.03.20"]
[Round "7.6"]
[White "Markus, David"]
[Black "Macek, Inti"]
[Result "1-0"]
[WhiteElo "1832"]
[BlackElo "1697"]
[PlyCount "83"]
[EventDate "2025.01.16"]
[WhiteTeam "SK LJUBLJANA - TAJFUN"]
[BlackTeam "SK KOMENDA POGI"]

1. e4 e5 2. Bc4 Nf6 3. d3 Nc6 4. Nc3 Bc5 5. f4 d6 6. Nf3 Bg4 7. Na4 Bb6 8. Nxb6
axb6 9. c3 Nd7 10. f5 Qe7 11. h3 Bxf3 12. Qxf3 Nc5 13. b4 Na4 14. Bd2 Nd8 15.
O-O f6 16. g4 c6 17. g5 b5 18. Bb3 Kd7 19. gxf6 Qxf6 20. Kh2 Nf7 21. Rg1 Raf8
22. Rg3 Rhg8 23. Rag1 Nb6 24. Bg5 Nxg5 25. Rxg5 Rh8 26. Rxg7+ Kc8 27. Qh5 d5
28. Rxh7 Rxh7 29. Qxh7 Rf7 30. Qg6 Qe7 31. Rg4 Kc7 32. Qg5 Qd7 33. Qe3 Rh7 34.
Qg3 Qe7 35. Rg6 Kd7 36. Re6 Qf7 37. Qxe5 Nc8 38. exd5 Qh5 39. dxc6+ bxc6 40.
Qd4+ Kc7 41. Qf4+ Kb7 42. Re3 1-0

[Event "77. ljubljanska liga 2025"]
[Site "Gostovanja"]
[Date "2025.03.20"]
[Round "7.6"]
[White "Poglajen, Franc"]
[Black "Jaksa, Ema"]
[Result "1/2-1/2"]
[WhiteElo "1826"]
[BlackElo "1727"]
[PlyCount "100"]
[EventDate "2025.01.16"]
[WhiteTeam "SK KOMENDA POGI"]
[BlackTeam "SK LJUBLJANA - TAJFUN"]

1. e4 e5 2. Nf3 Nc6 3. Bc4 Nf6 4. d3 Be7 5. O-O d6 6. h3 Na5 7. Bb3 Nxb3 8.
axb3 O-O 9. Nc3 h6 10. Nh2 Nh7 11. f4 exf4 12. Bxf4 Bg5 13. Qd2 c6 14. Rae1
Bxf4 15. Qxf4 Qg5 16. Re3 Qxf4 17. Rxf4 Ng5 18. Rf2 Bd7 19. Rg3 b5 20. Ng4 Bxg4
21. Rxg4 a5 22. Nb1 Ne6 23. Rg3 Nd4 24. Kf1 f5 25. exf5 Nxf5 26. Rgf3 Nd4 27.
Rxf8+ Rxf8 28. c3 Nxb3 29. Rxf8+ Kxf8 30. Ke2 Ke7 31. Ke3 Ke6 32. Na3 Ke5 33.
Nc2 g6 34. Ne1 c5 35. Nf3+ Kd5 36. Nh4 g5 37. Nf5 h5 38. Ng3 b4 39. cxb4 cxb4
40. Nxh5 a4 41. Nf6+ Kc6 42. Ne4 d5 43. Nd2 Nxd2 44. Kxd2 d4 45. g3 Kd5 46. Kc2
Kc5 47. Kb1 Kd6 48. Kc2 Kc5 49. Kb1 b3 50. Kc1 Kd6 1/2-1/2

[Event "77. ljubljanska liga 2025"]
[Site "Gostovanja"]
[Date "2025.03.20"]
[Round "7.6"]
[White "Samotorcan, Gal"]
[Black "Hribar, Izak"]
[Result "1-0"]
[WhiteElo "1717"]
[BlackElo "1761"]
[PlyCount "45"]
[EventDate "2025.01.16"]
[WhiteTeam "SK LJUBLJANA - TAJFUN"]
[BlackTeam "SK KOMENDA POGI"]

1. e4 c5 2. Nc3 e6 3. g3 d5 4. exd5 exd5 5. d4 c4 6. Bg2 Bb4 7. Nge2 Ne7 8. O-O
Nbc6 9. a3 Bxc3 10. Nxc3 Be6 11. Re1 Qd7 12. Bf4 f6 13. Nb5 O-O 14. Nc7 Bg4 15.
f3 Bxf3 16. Bxf3 g5 17. Nxa8 gxf4 18. gxf4 Rxa8 19. Kh1 Kh8 20. c3 Ng6 21. Qd2
Qf5 22. Rf1 Nxf4 23. Bg2 1-0

[Event "77. ljubljanska liga 2025"]
[Site "Gostovanja"]
[Date "2025.03.20"]
[Round "7.7"]
[White "Trivuncevic, Bosko"]
[Black "Kampus, Andrej"]
[Result "0-1"]
[WhiteElo "1908"]
[BlackElo "2063"]
[PlyCount "114"]
[EventDate "2025.01.16"]
[WhiteTeam "SK LOSKA DOLINA"]
[BlackTeam "SK DOL PRI LJUBLJANI"]

1. e4 d5 2. exd5 Nf6 3. Nc3 Nxd5 4. Nxd5 Qxd5 5. Nf3 Bg4 6. Be2 Nc6 7. O-O
O-O-O 8. c3 e5 9. Qa4 e4 10. Nd4 Bxe2 11. Nxe2 Bd6 12. b4 Bxh2+ 13. Kxh2 Qh5+
14. Kg1 Qxe2 15. b5 Nb8 16. Qxa7 f5 17. Qc5 Qg4 18. Qe3 Rd3 19. f3 exf3 20.
Qe6+ Kd8 21. Rxf3 Rxf3 22. Qd5+ Nd7 23. Qxf3 Qxf3 24. gxf3 Re8 25. Kf2 Ne5 26.
Ba3 Nd3+ 27. Kf1 Re6 28. Rb1 g5 29. Bb4 g4 30. fxg4 fxg4 31. c4 h5 32. Rb3 Re1+
33. Kg2 Nxb4 34. Rxb4 Re2+ 35. Kg3 Rxd2 36. a4 Rd3+ 37. Kf4 Rf3+ 38. Kg5 g3 39.
Rb1 Rc3 40. a5 Rxc4 41. Kxh5 Rc5+ 42. Kh4 g2 43. a6 bxa6 44. bxa6 Ra5 45. Kh3
Rxa6 46. Kxg2 Rf6 47. Rf1 Rxf1 48. Kxf1 Kd7 49. Ke2 Kc6 50. Kd3 Kc5 51. Kc3 c6
52. Kb3 Kd4 53. Kc2 Kc4 54. Kb2 Kd3 55. Kb3 c5 56. Kb2 c4 57. Kc1 Kc3 0-1

[Event "77. ljubljanska liga 2025"]
[Site "Gostovanja"]
[Date "2025.03.20"]
[Round "7.7"]
[White "Azinovic, Igor"]
[Black "Kutin, Boris"]
[Result "1-0"]
[WhiteElo "1810"]
[BlackElo "1752"]
[PlyCount "75"]
[EventDate "2025.01.16"]
[WhiteTeam "SK DOL PRI LJUBLJANI"]
[BlackTeam "SK LOSKA DOLINA"]

1. e4 c6 2. d4 d5 3. e5 Bf5 4. Nf3 e6 5. Be2 Qb6 6. O-O c5 7. c3 Nc6 8. dxc5
Bxc5 9. b4 Be7 10. Be3 Qc7 11. b5 Nb8 12. Qb3 Nd7 13. Nbd2 b6 14. c4 Nxe5 15.
cxd5 Bc2 16. Qb2 Nd3 17. Bxd3 Bxd3 18. Rfc1 Qd7 19. dxe6 Qxe6 20. Bd4 f6 21.
Re1 Qd5 22. a4 Rc8 23. Rac1 Rd8 24. Qc3 Bf5 25. Nc4 Bd7 26. Ne3 Qd6 27. Red1
Qb4 28. Qc2 Be6 29. Qc6+ Bd7 30. Qd5 Bg4 31. Qc6+ Bd7 32. Qc2 Be6 33. Bc3 Qc5
34. Rxd8+ Kxd8 35. Nd4 Bf7 36. Nef5 Bd6 37. Nxg7 Be5 38. Nge6+ 1-0

[Event "77. ljubljanska liga 2025"]
[Site "Gostovanja"]
[Date "2025.03.20"]
[Round "7.7"]
[White "Mulec, Dejan"]
[Black "Kosem, Rok"]
[Result "0-1"]
[WhiteElo "1705"]
[BlackElo "1759"]
[PlyCount "32"]
[EventDate "2025.01.16"]
[WhiteTeam "SK LOSKA DOLINA"]
[BlackTeam "SK DOL PRI LJUBLJANI"]

1. d4 Nf6 2. c4 e6 3. Nf3 b6 4. g3 Bb7 5. Bg2 d5 6. cxd5 exd5 7. O-O Bd6 8. Nc3
c6 9. Qc2 O-O 10. Re1 Nbd7 11. a3 Rc8 12. b4 c5 13. bxc5 bxc5 14. Qb3 Ba8 15.
Bg5 h6 16. Be3 c4 {nejasno (68)} 0-1

[Event "77. ljubljanska liga 2025"]
[Site "Gostovanja"]
[Date "2025.03.20"]
[Round "7.7"]
[White "Kampus, Vid"]
[Black "Soba, Franc"]
[Result "1-0"]
[WhiteElo "1431"]
[BlackElo "1495"]
[PlyCount "43"]
[EventDate "2025.01.16"]
[WhiteTeam "SK DOL PRI LJUBLJANI"]
[BlackTeam "SK LOSKA DOLINA"]

1. e4 c6 2. Nc3 d5 3. Nf3 dxe4 4. Nxe4 Nf6 5. Qe2 e6 6. d4 Be7 7. Bf4 Qa5+ 8.
c3 Qf5 9. Nd6+ Bxd6 10. Bxd6 Nbd7 11. Qd3 Ne4 12. Ba3 b6 13. Qe3 Nef6 14. Bd3
Qh5 15. Ne5 Nd5 16. Qg3 N7f6 17. Nxc6 Bd7 18. Nxa7 Rd8 19. Nb5 Ra8 20. Nd6+ Kd8
21. Be2 Qg6 22. Qxg6 1-0

[Event "77. ljubljanska liga 2025"]
[Site "Gostovanja"]
[Date "2025.03.20"]
[Round "7.8"]
[White "Trebeznik, Luka"]
[Black "Konvalinka, Kostja"]
[Result "1-0"]
[WhiteElo "1983"]
[BlackElo "1743"]
[PlyCount "83"]
[EventDate "2025.01.16"]
[WhiteTeam "SK RUDAR TRBOVLJE"]
[BlackTeam "SK TRZIN"]

1. d4 Nf6 2. Nf3 e6 3. g3 c5 4. c4 d5 5. Bg2 Nc6 6. O-O cxd4 7. Nxd4 e5 8. Nb5
dxc4 9. Be3 Be7 10. Qxd8+ Bxd8 11. Nd6+ Kf8 12. Nxc4 Be6 13. Nd6 Bc8 14. Bc5
Bc7 15. Nc3 Nd7 16. Ba3 Nf6 17. Rfd1 Ne8 18. Ncb5 Nxd6 19. Nxd6 f5 20. Bd5 Bxd6
21. Bxd6+ Ke8 22. b4 e4 23. Rac1 Ne7 24. Bb3 Bd7 25. Bxe7 Kxe7 26. Rc7 Rhd8 27.
Ba4 Rac8 28. Rdxd7+ Rxd7 29. Rxd7+ Ke6 30. Rxg7 Rc1+ 31. Kg2 Re1 32. e3 h5 33.
Rxb7 Rb1 34. Bb3+ Kd6 35. Rxa7 Kc6 36. Ra5 Kb6 37. Rxf5 h4 38. gxh4 Kc6 39. h5
Rc1 40. h6 Kd6 41. Rc5 Ke7 42. Rxc1 1-0